000
00313nam a2200121Ia 4500
008
220204s9999 xx 000 0 und d
082
_a
33(548.3)
_b
OOM
245
0
_a
Kerala economy since independence
260
_a
New Delhi
_b
Oxford & IBH
_c
1979
650
_a
Kerala Economy
700
_a
OOMMEN, M A
942
_c
BK
999
_c
33428
_d
33428